[Event "Makienko Memorial"]
[Site "Rostov on Don"]
[Date "2007.??.??"]
[Round "2"]
[White "Baatar, Bold"]
[Black "Petrushin, Alexander I"]
[Result "0-1"]
[WhiteElo "2176"]
[BlackElo "2473"]
[PlyCount "64"]
[EventDate "2007.03.26"]
[EventType "swiss"]
[EventRounds "9"]
[EventCountry "RUS"]
[SourceTitle "EXT 2022"]
[Source "ChessBase"]
[SourceDate "2021.10.06"]
[SourceVersion "1"]
[SourceVersionDate "2021.10.06"]
[SourceQuality "1"]

1. e4 c5 2. Nf3 d6 3. d4 cxd4 4. Nxd4 Nf6 5. Nc3 a6 6. Be3 Ng4 7. Bc4 Nxe3 8. fxe3 e6 9. 0-0 Be7 10. Qh5 g6 11. Qh6 Nc6 12. Nxc6 bxc6 13. Rad1 Qa5 14. Rf3 Qe5 15. Qf4 Qxf4 16. exf4 d5 17. Bb3 0-0 18. e5 c5 19. Ba4 Bb7 20. Rff1 Rab8 21. b3 Rfc8 22. Kh1 c4 23. Ne2 cxb3 24. Bxb3 Bc6 25. a4 Rb4 26. Rd4 Rcb8 27. Rfd1 Bc5 28. Rxb4 Rxb4 29. Nc1 Be3 30. Nd3 Rd4 31. c3 Re4 32. Re1 Bd2 0-1